The power of geography (Record no. 4834)

MARC details
000 -CABECERA
campo de control de longitud fija 02168cam a2200313 i 4500
001 - NÚMERO DE CONTROL
campo de control 9846675
003 - IDENTIFICADOR DEL NÚMERO DE CONTROL
campo de control CaAEU
005 - FECHA Y HORA DE LA ÚLTIMA TRANSACCIÓN
campo de control 20250707141834.0
006 - CÓDIGOS DE INFORMACIÓN DE LONGITUD FIJA--CARACTERÍSTICAS DEL MATERIAL ADICIONAL
campo de control de longitud fija m o d
007 - CAMPO FIJO DE DESCRIPCIÓN FÍSICA--INFORMACIÓN GENERAL
campo de control de longitud fija cr |||||||||||
008 - DATOS DE LONGITUD FIJA--INFORMACIÓN GENERAL
campo de control de longitud fija 210611s2021 enk o 000 0 eng d
020 ## - NÚMERO INTERNACIONAL ESTÁNDAR DEL LIBRO
Número Internacional Estándar del Libro 9781783965373
Información calificativa (print)
039 ## - NIVEL DE CONTROL BIBLIOGRÁFICO Y DETALLES DE CODIFICACIÓN [OBSOLETO]
Nivel de reglas en descripción bibliográfica exclude
040 ## - FUENTE DE LA CATALOGACIÓN
Centro catalogador/agencia de origen CaONFJC
Lengua de catalogación eng
Normas de descripción rda
Centro/agencia transcriptor CaONFJC
Centro/agencia modificador AEU
041 ## - CÓDIGO DE LENGUA
Código de lengua del texto/banda sonora o título independiente English
050 14 - SIGNATURA TOPOGRÁFICA DE LA BIBLIOTECA DEL CONGRESO
Número de clasificación JC319
Número de documento/Ítem .M377 2021
100 ## - ENTRADA PRINCIPAL--NOMBRE DE PERSONA
Nombre de persona Marshall, Tim,
Fechas asociadas al nombre 1959-
Término indicativo de función/relación author.
245 14 - MENCIÓN DE TÍTULO
Título The power of geography
Resto del título : ten maps that reveal the future of our world
Mención de responsabilidad, etc. / Tim Marshall.
264 #1 - PRODUCCIÓN, PUBLICACIÓN, DISTRIBUCIÓN, FABRICACIÓN Y COPYRIGHT
Producción, publicación, distribución, fabricación y copyright London :
Nombre del de productor, editor, distribuidor, fabricante Elliott & Thompson,
Fecha de producción, publicación, distribución, fabricación o copyright [2021]
264 #4 - PRODUCCIÓN, PUBLICACIÓN, DISTRIBUCIÓN, FABRICACIÓN Y COPYRIGHT
Fecha de producción, publicación, distribución, fabricación o copyright ©2021
300 ## - DESCRIPCIÓN FÍSICA
Extensión 312 pages
505 ## - NOTA DE CONTENIDO CON FORMATO
Nota de contenido con formato Australia —<br/>Iran —<br/>Saudi Arabia —<br/>The United Kingdom —<br/>Greece —<br/>Turkey —<br/>The Sahel —<br/>Ethiopia —<br/>Spain —<br/>Space.
506 ## - NOTA DE RESTRICCIONES AL ACCESO
Limitaciones de acceso Access restricted to authorized users and institutions.
520 ## - SUMARIO, ETC.
Sumario, etc. Tim Marshall’s global bestseller Prisoners of Geography showed how every nation’s choices are limited by mountains, rivers, seas and concrete. Since then, the geography hasn’t changed. But the world has.<br/><br/>In this revelatory new book, Marshall explores ten regions that are set to shape global politics in a new age of great-power rivalry: Australia, Iran, Saudi Arabia, the UK, Greece, Turkey, the Sahel, Ethiopia, Spain and Space. Find out why Europe’s next refugee crisis is closer than it thinks as trouble brews in the Sahel; why the Middle East must look beyond oil and sand to secure its future; why the eastern Mediterranean is one of the most volatile flashpoints of the twenty-first century; and why the Earth’s atmosphere is set to become the world’s next battleground.<br/><br/>Delivered with Marshall’s trademark wit and insight, this is a lucid and gripping exploration of the power of geography to shape humanity’s past, present – and future.
588 ## - NOTA DE FUENTE DE LA DESCRIPCIÓN
Nota de fuente de la descripción Description based on print version record.
650 #0 - PUNTO DE ACCESO ADICIONAL DE MATERIA--TÉRMINO DE MATERIA
Término de materia o nombre geográfico como elemento de entrada Geopolitics
9 (RLIN) 10850
776 08 - ENTRADA DE FORMULARIO FÍSICO ADICIONAL
Información de relación/Frase instructiva de referencia Print version:
Encabezamiento principal Marshall, Tim, 1959-
Título Power of geography : ten maps that reveal the future of our world.
Lugar, editor y fecha de publicación London : Elliott & Thompson, c2021
Descripción física 312 pages
Número Internacional Estándar del Libro 9781783965373
942 ## - ELEMENTOS DE ENTRADA AGREGADA (KOHA)
Fuente del sistema de clasificación o colocación Clasificación de Library of Congress
Holdings
Estado de retiro Estado de pérdida Fuente del sistema de clasificación o colocación Estado dañado No para préstamo Biblioteca de origen Biblioteca actual Fecha de adquisición Total de préstamos Signatura topográfica completa Código de barras Fecha visto por última vez Fecha del último préstamo Número de copia Precio válido a partir de Tipo de ítem Koha
    Clasificación de Library of Congress     TBS Barcelona TBS Barcelona 07/07/2025 2 JC319 MAR B05699 21/04/2026 26/02/2026 1 07/07/2025 Book

Powered by Koha